000 00666nam a2200181Ia 4500
008 100920s9999 xx 000 0 und d
082 _b25199
_a891.43 थ 69
100 _a---
245 _aसच्ची जासूसी कहानियाँ.
260 _bसूचना और प्रसारण मन्त्रालय, भारत सरकार.
_c1969
300 _a183
_bसाधी
365 _b2.25
520 _aहिंदी.
630 _aसच्ची जासूसी कहानियाँ.
650 _aहिंदी.
730 _aसच्ची जासूसी कहानियाँ.
942 _cBOOK
999 _c683168
_d683165